000 00556nam a2200193Ia 4500
020 _a9789251056356
020 _a9251056358
040 _cOSU
082 _a639 FOO 2006 A051 Or.
100 1 _aArthur, J. R.
245 1 0 _aChecklist of the parasites of Viet Nam /
260 _aRome :
_bFood and Agriculture Organization of the United Nations,
_cc2006
300 _avi, 133 p. :
_bill. ;
_c30 cm
650 0 _aFishes
650 0 _aFishes
700 1 _aQuang Te, Bui
710 2 _aFood and Agriculture Organization of the United Nations
942 _cEK
999 _c14565
_d14565